000 00553nam a2200205Ia 4500
005 20260429112057.0
008 260429s9999||||xx |||||||||||||| ||und||
020 _a9788126936823
041 _aEnglish
082 _a575.1
_bCHA
100 _aChaubey, Mukesh Kumar
245 0 _aFundamentals of genetics /
_cMukesh Kumar Chaubey
250 _a1st ed.
260 _aNew Delhi :
_bAtlantic Publishers and Distributors,
_c2025.
300 _aviii, 544 p.; hb
650 _a Heredity
650 _a Inheritance
650 _aGenetics
942 _cTB
999 _c52227
_d52227